000 00366nam a22001577a 4500
005 20160625143309.0
008 160625b xxu||||| |||| 00| 0 eng d
041 _aeng
082 _b10085
100 _aGupta, S.K. and Sharma Vineet
_92790
245 _aPrinciples of Marketing
260 _bUPM
_c2009
300 _a224
650 _aManagement
_9241
942 _cBK
999 _c4035
_d4034